[Event "8th Palma de Mallorca it"]
[Site "Palma de Mallorca ESP"]
[Date "1972.11.27"]
[Round "1"]
[White "Andersson, Ulf"]
[Black "Ivkov, Borislav"]
[Result "1/2-1/2"]
[WhiteElo "2535"]
[BlackElo "2520"]
[EventDate "1972.11.27"]
[PlyCount "53"]

1.Nf3 e6 2.g3 c5 3.Bg2 Nc6 4.c4 Nf6 5.O-O Be7 6.Nc3 d5 7.d4 O-O 8.cxd5 
exd5 9.Be3 c4 10.Ne5 Be6 11.Rc1 Rc8 12.Bg5 h6 13.Bxf6 Bxf6 14.f4 Ne7 15.e3
a6 16.g4 Rc7 17.Qf3 b5 18.a3 Qb8 19.Qg3 Rd8 20.h4 Rb7 21.Bh3 Bc8 22.Rc2 b4
23.axb4 Rxb4 24.Rff2 g6 25.h5 g5 26.Qf3 Be6 27.Rcd2 1/2-1/2

[Event "8th Palma de Mallorca it"]
[Site "Palma de Mallorca ESP"]
[Date "1972.11.27"]
[Round "1"]
[White "Ljubojevic, Ljubomir"]
[Black "Medina Garcia, Antonio"]
[Result "1-0"]
[WhiteElo "2550"]
[BlackElo "2380"]
[EventDate "1972.11.27"]
[PlyCount "79"]

1.c4 e6 2.g3 d5 3.Bg2 Nf6 4.Nf3 Be7 5.O-O O-O 6.d4 Nbd7 7.b3 b6 8.cxd5 
exd5 9.Nc3 Bb7 10.Bb2 Re8 11.Rc1 a6 12.Qc2 Bd6 13.Rfd1 Qe7 14.Nd2 b5 15.e3
Rad8 16.Nf3 g6 17.Ne2 Ne4 18.Nf4 f6 19.Ne1 c6 20.Ned3 Qf7 21.Qe2 Nf8 22.
Rc2 Rc8 23.Rdc1 Rc7 24.Qe1 Rcc8 25.Nb4 Bxf4 26.gxf4 Qd7 27.Nd3 Ne6 28.Bh3 
Qg7 29.f3 Nd6 30.Rg2 Qh6 31.Qg3 Kh8 32.Kh1 Rcd8 33.Ba3 Nf7 34.Nf2 f5 35.
Nd3 Ng7 36.Ne5 Nxe5 37.dxe5 Ne6 38.Rcg1 c5 39.Rc1 b4 40.Bb2 1-0

[Event "8th Palma de Mallorca it"]
[Site "Palma de Mallorca ESP"]
[Date "1972.11.27"]
[Round "1"]
[White "Polugaevsky, Lev"]
[Black "Calvo Minguez, Ricardo"]
[Result "1/2-1/2"]
[WhiteElo "2645"]
[BlackElo "2330"]
[EventDate "1972.11.27"]
[PlyCount "82"]

1.c4 e5 2.Nc3 Nc6 3.Nf3 g6 4.d4 exd4 5.Nxd4 Bg7 6.Nxc6 bxc6 7.g3 Ne7 8.Bg2
O-O 9.O-O Rb8 10.Qc2 d6 11.Bg5 Bd7 12.Rab1 h6 13.Bd2 Qc8 14.b3 Bh3 15.c5 
Bxg2 16.Kxg2 d5 17.e4 dxe4 18.Qxe4 Re8 19.Rfe1 Qf5 20.Qxf5 Nxf5 21.Na4 
Rxe1 22.Bxe1 Nd4 23.Bd2 Ne6 24.Rc1 Rd8 25.Be3 f5 26.Nc3 Bd4 27.Bxh6 Kh7 
28.Bf4 g5 29.Bd2 Bxf2 30.Bxg5 Nxg5 31.Kxf2 Rd2+ 32.Ke3 Rxh2 33.Ne2 Kg6 34.
Rc4 Rh7 35.Ra4 Re7+ 36.Kf2 Ne4+ 37.Kg2 Kg5 38.Nd4 Rd7 39.Nf3+ Kf6 40.Rxa7 
Rg7 41.Kf1 Nxg3+ 1/2-1/2

[Event "8th Palma de Mallorca it"]
[Site "Palma de Mallorca ESP"]
[Date "1972.11.27"]
[Round "1"]
[White "Robatsch, Karl"]
[Black "Korchnoi, Viktor"]
[Result "1/2-1/2"]
[WhiteElo "2460"]
[BlackElo "2640"]
[EventDate "1972.11.27"]
[PlyCount "50"]

1.e4 c5 2.Nf3 d6 3.d4 cxd4 4.Nxd4 Nf6 5.Nc3 a6 6.Bg5 e6 7.f4 Qb6 8.Qd2 
Qxb2 9.Nb3 Qa3 10.Bxf6 gxf6 11.Be2 h5 12.O-O Nc6 13.Nb1 Qb4 14.Qe3 f5 15.
exf5 d5 16.fxe6 fxe6 17.c3 Qe7 18.N1d2 Bd7 19.Nf3 O-O-O 20.Rab1 Qa3 21.
Nfd4 Re8 22.Nxc6 Bxc6 23.Nd4 Bc5 24.Kh1 Bxd4 25.Qxd4 Qxa2 1/2-1/2

[Event "8th Palma de Mallorca it"]
[Site "Palma de Mallorca ESP"]
[Date "1972.11.28"]
[Round "2"]
[White "Calvo Minguez, Ricardo"]
[Black "Robatsch, Karl"]
[Result "1/2-1/2"]
[WhiteElo "2330"]
[BlackElo "2460"]
[EventDate "1972.11.27"]
[PlyCount "85"]

1.Nf3 Nf6 2.c4 e6 3.g3 d5 4.Bg2 Be7 5.O-O O-O 6.d4 dxc4 7.Ne5 Nc6 8.Nxc6 
bxc6 9.Qa4 Qxd4 10.Nd2 Rb8 11.a3 Bd7 12.Bxc6 Bxc6 13.Qxc6 Bc5 14.Nf3 Qd5 
15.Qxc7 Ne4 16.Qe5 Rfd8 17.Qxd5 Rxd5 18.Kg2 f6 19.e3 e5 20.Re1 Rb3 21.Re2 
Rd1 22.Rc2 c3 23.bxc3 Rxc3 24.Rxc3 Nxc3 25.Nd2 Kf7 26.Nb3 Bd6 27.Bb2 Rxa1 
28.Nxa1 Na4 29.Bc1 e4 30.f3 Nc5 31.Nc2 Ke6 32.Nd4+ Kd5 33.Bd2 Nd3 34.Nb5 
exf3+ 35.Kxf3 Ne5+ 36.Ke2 Bb8 37.Bb4 h5 38.Bf8 g6 39.Nc3+ Ke6 40.a4 Ng4 
41.h3 Ne5 42.Bc5 Nc6 43.Kf2 1/2-1/2

[Event "8th Palma de Mallorca it"]
[Site "Palma de Mallorca ESP"]
[Date "1972.11.28"]
[Round "2"]
[White "Ivkov, Borislav"]
[Black "Smejkal, Jan"]
[Result "1/2-1/2"]
[WhiteElo "2520"]
[BlackElo "2545"]
[EventDate "1972.11.27"]
[PlyCount "47"]

1.e4 e5 2.Nf3 Nc6 3.Bb5 a6 4.Ba4 Nf6 5.O-O Be7 6.Re1 b5 7.Bb3 d6 8.c3 O-O 
9.h3 Nb8 10.d4 Nbd7 11.Bg5 Bb7 12.Nbd2 h6 13.Bh4 Re8 14.a4 c5 15.dxe5 dxe5
16.Bxf6 Nxf6 17.axb5 axb5 18.Rxa8 Bxa8 19.Nxe5 c4 20.Bc2 Bc5 21.Nef3 Qb6 
22.Qe2 Nh5 23.Nf1 Nf4 24.Qd2 1/2-1/2

[Event "8th Palma de Mallorca it"]
[Site "Palma de Mallorca ESP"]
[Date "1972.11.28"]
[Round "2"]
[White "Medina Garcia, Antonio"]
[Black "Averbakh, Yury"]
[Result "1/2-1/2"]
[WhiteElo "2380"]
[BlackElo "2550"]
[EventDate "1972.11.27"]
[PlyCount "77"]

1.e4 e5 2.Nf3 Nc6 3.Bb5 a6 4.Ba4 Nf6 5.O-O Be7 6.Re1 b5 7.Bb3 d6 8.c3 O-O 
9.d3 Na5 10.Bc2 c5 11.Nbd2 Nd7 12.Nf1 Nb6 13.Ng3 g6 14.Bh6 Re8 15.d4 cxd4 
16.cxd4 Nc6 17.h3 Bf6 18.d5 Nb4 19.Bb1 a5 20.Qe2 Bd7 21.a3 Na6 22.Bd3 Nc7 
23.Be3 Qb8 24.b3 a4 25.b4 Nc4 26.Bxc4 bxc4 27.Qxc4 Nb5 28.Qd3 Rc8 29.Rec1 
Qb7 30.Ne2 Bd8 31.Nd2 Qa6 32.Rxc8 Rxc8 33.Rc1 Rxc1+ 34.Nxc1 f5 35.f3 Bb6 
36.Nc4 Bxe3+ 37.Qxe3 Nd4 38.Qg5 Qxc4 39.Qd8+ 1/2-1/2

[Event "8th Palma de Mallorca it"]
[Site "Palma de Mallorca ESP"]
[Date "1972.11.29"]
[Round "3"]
[White "Andersson, Ulf"]
[Black "Calvo Minguez, Ricardo"]
[Result "1-0"]
[WhiteElo "2535"]
[BlackElo "2330"]
[EventDate "1972.11.27"]
[PlyCount "105"]

1.Nf3 Nc6 2.d4 d5 3.c4 Bg4 4.Nc3 Bxf3 5.exf3 e6 6.cxd5 exd5 7.Bb5 Ne7 8.
O-O Qd6 9.Re1 O-O-O 10.Bg5 f6 11.Be3 Kb8 12.Rc1 g5 13.Na4 b6 14.Qd3 f5 15.
Bxg5 Rg8 16.Bh4 Qh6 17.Rxc6 Qxh4 18.Rc2 Rd6 19.Qe3 Qh3 20.g3 Rh6 21.Qe5 
Qxh2+ 22.Kf1 Rd6 23.Rxc7 Qh1+ 24.Ke2 Qxe1+ 25.Kxe1 Kxc7 26.Nc3 Rg6 27.Kf1 
Kb7 28.Ba4 Rde6 29.Qh8 Ref6 30.Bb3 Kc6 31.Ne2 Rg7 32.Nf4 Kd6 33.Kg2 Ng6 
34.Nxg6 hxg6 35.Qh1 Re6 36.Qc1 Rc7 37.Qf4+ Kd7 38.Bxd5 Re2 39.Bb3 b5 40.
Qh4 Be7 41.Qh8 Rc8 42.Qg7 Rc6 43.Qg8 a6 44.a4 Kc7 45.axb5 axb5 46.Qe8 Re1 
47.Qa8 Bb4 48.Qa7+ Kc8 49.Qa8+ Kc7 50.Qa7+ Kc8 51.Bd5 Rc2 52.Qb7+ Kd8 53.
Bc6 1-0

[Event "8th Palma de Mallorca it"]
[Site "Palma de Mallorca ESP"]
[Date "1972.11.29"]
[Round "3"]
[White "Ljubojevic, Ljubomir"]
[Black "Gheorghiu, Florin"]
[Result "1/2-1/2"]
[WhiteElo "2550"]
[BlackElo "2520"]
[EventDate "1972.11.27"]
[PlyCount "39"]

1.e4 c5 2.Nf3 d6 3.d4 cxd4 4.Nxd4 Nf6 5.Nc3 a6 6.Bg5 e6 7.f4 Nbd7 8.Bc4 
Qb6 9.Bb3 Be7 10.f5 Nc5 11.fxe6 fxe6 12.Qe2 Nxb3 13.Nxb3 O-O 14.O-O-O Qc7 
15.Rhe1 Bd7 16.e5 dxe5 17.Qxe5 Qxe5 18.Rxe5 Rad8 19.Nd4 h6 20.Bd2 1/2-1/2

[Event "8th Palma de Mallorca it"]
[Site "Palma de Mallorca ESP"]
[Date "1972.11.29"]
[Round "3"]
[White "Robatsch, Karl"]
[Black "Pomar Salamanca, Arturo"]
[Result "1/2-1/2"]
[WhiteElo "2460"]
[BlackElo "2460"]
[EventDate "1972.11.27"]
[PlyCount "87"]

1.e4 c6 2.d4 d5 3.Nd2 dxe4 4.Nxe4 Bf5 5.Ng3 Bg6 6.Nf3 Nd7 7.h4 h6 8.h5 Bh7
9.Bd3 Bxd3 10.Qxd3 Qc7 11.Bd2 Ngf6 12.O-O-O e6 13.Qe2 O-O-O 14.Ne5 Nb6 15.
c3 c5 16.Kb1 Bd6 17.f4 Rhe8 18.dxc5 Bxc5 19.b3 Kb8 20.c4 Bd4 21.Bb4 Ka8 
22.Rd3 Bxe5 23.Rxd8+ Rxd8 24.fxe5 Nh7 25.Bd6 Qc6 26.Qe4 Ng5 27.Qxc6 bxc6 
28.Kc2 f5 29.Ne2 Nc8 30.Bb4 Nb6 31.Be7 Re8 32.Bd6 Kb7 33.Nf4 Ne4 34.Ba3 c5
35.Rd1 Kc6 36.Bb2 Nd7 37.Rg1 Ng5 38.Rd1 Ne4 39.Re1 Ng5 40.Re3 Nf8 41.a3 a6
42.b4 Rd8 43.Nd3 Nd7 44.Nf4 1/2-1/2

[Event "8th Palma de Mallorca it"]
[Site "Palma de Mallorca ESP"]
[Date "1972.12.01"]
[Round "4"]
[White "Bellon Lopez, Juan Manuel"]
[Black "Polugaevsky, Lev"]
[Result "0-1"]
[WhiteElo "2385"]
[BlackElo "2645"]
[EventDate "1972.11.27"]
[PlyCount "142"]

1.b3 Nf6 2.Bb2 g6 3.e4 d6 4.g3 Bg7 5.Bg2 O-O 6.Ne2 e5 7.O-O Re8 8.Re1 c5 
9.a4 Nc6 10.Na3 Be6 11.Nc4 Nxe4 12.f4 Bg4 13.Bxe4 d5 14.Bxd5 Qxd5 15.Ne3 
Qd7 16.Nxg4 Qxg4 17.d3 exf4 18.Bxg7 f3 19.Nf4 Kxg7 20.Kf2 Nd4 21.c3 Ne2 
22.Nxe2 fxe2 23.Rxe2 Qh5 24.h4 Qf5+ 25.Kg2 Qd5+ 26.Kh2 Rad8 27.Raa2 Re5 
28.Rxe5 Qxe5 29.d4 Qe3 30.Rd2 Qxc3 31.d5 Qe5 32.d6 Rd7 33.Rd5 Qb2+ 34.Rd2 
Qf6 35.Rd5 Qf2+ 36.Kh3 h5 37.Rd2 Qf5+ 38.Kh2 b6 39.Rd5 Qf2+ 40.Kh3 a6 41.
Rd2 Qe3 42.Rd5 f5 43.Rd3 Qe4 44.Kh2 f4 45.gxf4 Qxf4+ 46.Kh3 b5 47.axb5 
axb5 48.Qe2 c4 49.bxc4 bxc4 50.Rc3 Qxd6 51.Rxc4 Rb7 52.Qe3 Kh7 53.Rf4 Qd7+
54.Kg3 Rb2 55.Qf3 Qd6 56.Qe3 Rb4 57.Qa7+ Kh6 58.Qf7 Rb8 59.Kh3 Qc5 60.Rf2 
Qc8+ 61.Kh2 Rb4 62.Qf6 Rg4 63.Rg2 Qb8+ 64.Kh3 Qa8 65.Qf2 Re4 66.Qc5 Qe8 
67.Qc1+ Kh7 68.Qc7+ Kg8 69.Qc1 Qe6+ 70.Kh2 Qe5+ 71.Kh3 Re3+ 0-1

[Event "8th Palma de Mallorca it"]
[Site "Palma de Mallorca ESP"]
[Date "1972.12.01"]
[Round "4"]
[White "Calvo Minguez, Ricardo"]
[Black "Smejkal, Jan"]
[Result "0-1"]
[WhiteElo "2330"]
[BlackElo "2545"]
[EventDate "1972.11.27"]
[PlyCount "74"]

1.Nf3 c5 2.e4 d6 3.d4 cxd4 4.Nxd4 Nf6 5.Nc3 a6 6.f4 Qc7 7.Bd3 e5 8.Nf3 b5 
9.O-O Nbd7 10.a3 Bb7 11.Qe1 g6 12.Kh1 Bg7 13.fxe5 dxe5 14.Qh4 O-O 15.Bh6 
Nh5 16.Bxg7 Kxg7 17.Ng5 Ndf6 18.Nh3 Rae8 19.Rf3 h6 20.Raf1 Qe7 21.Qe1 Ng4 
22.Nf2 Nxf2+ 23.R3xf2 f5 24.Be2 Nf4 25.Bf3 g5 26.g3 Nh3 27.Re2 g4 28.Bg2 
fxe4 29.Nxe4 Rxf1+ 30.Bxf1 Qf7 31.Bxh3 gxh3 32.Kg1 Qf3 33.Qd2 Rf8 34.Rf2 
Qxe4 35.Qd7+ Kg6 36.Qe6+ Kg5 37.Qe7+ Kh5 0-1

[Event "8th Palma de Mallorca it"]
[Site "Palma de Mallorca ESP"]
[Date "1972.12.01"]
[Round "4"]
[White "Ivkov, Borislav"]
[Black "Panno, Oscar"]
[Result "1/2-1/2"]
[WhiteElo "2520"]
[BlackElo "2570"]
[EventDate "1972.11.27"]
[PlyCount "29"]

1.d4 Nf6 2.c4 e6 3.Nf3 c5 4.e3 b6 5.Nc3 cxd4 6.exd4 Bb7 7.Bd3 Be7 8.O-O 
O-O 9.Re1 d5 10.cxd5 Nxd5 11.Ne5 Nd7 12.Nxd5 Bxd5 13.Bf4 Nxe5 14.Bxe5 Bf6 
15.Qh5 1/2-1/2

[Event "8th Palma de Mallorca it"]
[Site "Palma de Mallorca ESP"]
[Date "1972.12.01"]
[Round "4"]
[White "Ljubojevic, Ljubomir"]
[Black "Averbakh, Yury"]
[Result "1/2-1/2"]
[WhiteElo "2550"]
[BlackElo "2550"]
[EventDate "1972.11.27"]
[PlyCount "51"]

1.e4 e5 2.Nf3 Nc6 3.d4 exd4 4.Bc4 Nf6 5.e5 d5 6.Bb5 Ne4 7.Nxd4 Bd7 8.Bxc6 
bxc6 9.O-O Bc5 10.Be3 Qe7 11.Re1 O-O 12.f3 Ng5 13.Nd2 Bb6 14.a4 c5 15.Ne2 
c4 16.Bxb6 axb6 17.f4 Qc5+ 18.Kh1 Ne6 19.Nf3 g6 20.f5 gxf5 21.Qd2 Rfe8 22.
Ned4 Nxd4 23.Nxd4 Kh8 24.Qf4 Qe7 25.Nxf5 Bxf5 26.Qxf5 1/2-1/2

[Event "8th Palma de Mallorca it"]
[Site "Palma de Mallorca ESP"]
[Date "1972.12.02"]
[Round "5"]
[White "Andersson, Ulf"]
[Black "Medina Garcia, Antonio"]
[Result "1-0"]
[WhiteElo "2535"]
[BlackElo "2380"]
[EventDate "1972.11.27"]
[PlyCount "105"]

1.Nf3 d5 2.c4 e6 3.b3 Nf6 4.Bb2 Be7 5.g3 O-O 6.Bg2 c5 7.O-O b6 8.e3 Bb7 9.
Qe2 Nbd7 10.Rd1 Qc7 11.Nc3 Rac8 12.Rac1 Rfd8 13.d3 Qb8 14.cxd5 Nxd5 15.a3 
Nxc3 16.Bxc3 Bf6 17.Qb2 h6 18.h3 Bxc3 19.Rxc3 Nf6 20.Rdc1 Nd5 21.R3c2 Ne7 
22.Ne1 Bxg2 23.Kxg2 a6 24.b4 cxb4 25.Qxb4 Rxc2 26.Rxc2 Qb7+ 27.Kg1 Rc8 28.
Qd6 Rxc2 29.Nxc2 Nd5 30.e4 Qc7 31.Qxc7 Nxc7 32.d4 f5 33.f3 Kf7 34.Kf2 Ke7 
35.Ke3 Kd6 36.Kd3 g6 37.Kc4 Ne8 38.Nb4 b5+ 39.Kc3 a5 40.Nd3 fxe4 41.fxe4 
Ke7 42.Ne5 Nd6 43.Kd3 Kf6 44.Nc6 Nc4 45.Kc3 e5 46.dxe5+ Ke6 47.a4 Nb6 48.
axb5 a4 49.Kb4 h5 50.h4 Kd7 51.Nd4 Ke7 52.Nc2 Ke6 53.Na3 1-0

[Event "8th Palma de Mallorca it"]
[Site "Palma de Mallorca ESP"]
[Date "1972.12.02"]
[Round "5"]
[White "Panno, Oscar"]
[Black "Korchnoi, Viktor"]
[Result "1-0"]
[WhiteElo "2570"]
[BlackElo "2640"]
[EventDate "1972.11.27"]
[PlyCount "84"]

1.e4 c6 2.d3 d5 3.Nd2 Qc7 4.g3 Nf6 5.Ngf3 dxe4 6.dxe4 e5 7.Bg2 Bg4 8.h3 
Bh5 9.O-O Nbd7 10.Qe1 Nc5 11.Nc4 Nfd7 12.b4 Ne6 13.a4 f6 14.c3 Nb6 15.Nfd2
Qf7 16.Na5 Bd6 17.Ndb3 Qc7 18.Be3 O-O 19.Qb1 Qe7 20.Nd2 Rad8 21.Nab3 Nc8 
22.Re1 Rd7 23.Nc4 Rfd8 24.Qc2 Bc7 25.a5 Qf7 26.Bf1 Kh8 27.Nc5 Nxc5 28.bxc5
Ne7 29.a6 bxa6 30.Rxa6 Bb8 31.Raa1 f5 32.exf5 Nxf5 33.Bg5 Re8 34.g4 h6 35.
Bd2 Nh4 36.gxh5 Nf3+ 37.Kh1 e4 38.Bg2 Rxd2 39.Nxd2 Qf4 40.Nf1 Nxe1 41.Rxe1
Qf5 42.Rxe4 Rf8 1-0

[Event "8th Palma de Mallorca it"]
[Site "Palma de Mallorca ESP"]
[Date "1972.12.02"]
[Round "5"]
[White "Polugaevsky, Lev"]
[Black "Ljubojevic, Ljubomir"]
[Result "0-1"]
[WhiteElo "2645"]
[BlackElo "2550"]
[EventDate "1972.11.27"]
[PlyCount "88"]

1.c4 g6 2.e4 Bg7 3.d4 d6 4.Nc3 Nd7 5.Be2 e5 6.Nf3 c6 7.O-O Nh6 8.Rb1 O-O 
9.b4 a5 10.b5 exd4 11.Nxd4 Qc7 12.Bf4 Ne5 13.Qd2 Nhg4 14.h3 Nf6 15.Bh6 Ne8
16.Bxg7 Nxg7 17.Rbd1 Nd7 18.f4 f6 19.Kh1 Nb6 20.Nc2 Ne8 21.Ne3 Be6 22.Qd4 
Nd7 23.Na4 f5 24.exf5 gxf5 25.Rf3 Rf6 26.Rg3+ Rg6 27.Rg5 Rxg5 28.fxg5 Ne5 
29.Rf1 Ng7 30.b6 Qe7 31.c5 Nf7 32.Qf6 Re8 33.Bc4 d5 34.Bd3 Nxg5 35.Qxe7 
Rxe7 36.Nxf5 Bxf5 37.Bxf5 Nxf5 38.Rxf5 Ne4 39.Kg1 Kg7 40.Rf3 Rf7 41.Ra3 
Kf6 42.Nb2 Ke5 43.Rxa5 Kd4 44.a4 Kc3 0-1

[Event "8th Palma de Mallorca it"]
[Site "Palma de Mallorca ESP"]
[Date "1972.12.02"]
[Round "5"]
[White "Robatsch, Karl"]
[Black "Bellon Lopez, Juan Manuel"]
[Result "1-0"]
[WhiteElo "2460"]
[BlackElo "2385"]
[EventDate "1972.11.27"]
[PlyCount "80"]

1.e4 c5 2.Nf3 g6 3.c4 Bg7 4.d4 cxd4 5.Nxd4 Nc6 6.Be3 b6 7.Nc3 Bb7 8.Be2 
Nf6 9.O-O O-O 10.Rc1 Rc8 11.f3 Ne8 12.Ncb5 a6 13.Nc3 Ne5 14.Qb3 d6 15.Nd5 
Nd7 16.Rfd1 e6 17.Nc3 Qe7 18.Re1 Be5 19.Bf2 Ng7 20.Bf1 Qg5 21.Be3 Qh4 22.
g3 Qf6 23.Qd1 Rcd8 24.Bg2 Nc5 25.f4 Qe7 26.b4 a5 27.a3 Na6 28.Qb3 axb4 29.
axb4 Bf6 30.Ndb5 Rb8 31.Rcd1 Bxc3 32.Qxc3 d5 33.Bd4 f6 34.exd5 Nf5 35.Rxe6
Qxb4 36.Qxb4 Nxb4 37.Rxb6 Rfc8 38.Na3 Ba6 39.Rxb8 Rxb8 40.Bxf6 Ne3 1-0

[Event "8th Palma de Mallorca it"]
[Site "Palma de Mallorca ESP"]
[Date "1972.12.02"]
[Round "5"]
[White "Smejkal, Jan"]
[Black "Pomar Salamanca, Arturo"]
[Result "1-0"]
[WhiteElo "2545"]
[BlackElo "2460"]
[EventDate "1972.11.27"]
[PlyCount "97"]

1.Nf3 d5 2.g3 Nf6 3.Bg2 Bg4 4.Ne5 e6 5.c4 Nc6 6.Qa4 Bh5 7.Nc3 Qd6 8.d4 Qb4
9.Nxc6 Qxa4 10.Nxa4 bxc6 11.Bd2 Rb8 12.Rc1 Kd7 13.f3 Bb4 14.Bxb4 Rxb4 15.
b3 dxc4 16.Rxc4 Rxc4 17.bxc4 Rb8 18.Kd2 Kd6 19.Kc3 Bg6 20.e4 Nd7 21.f4 Ke7
22.e5 c5 23.dxc5 Rd8 24.c6 Nb6 25.Nc5 a5 26.Bh3 h5 27.Re1 h4 28.Bf1 hxg3 
29.hxg3 Rh8 30.Bd3 Bxd3 31.Kxd3 Rh3 32.Ne4 Rh2 33.Nc3 Rg2 34.Ne2 a4 35.a3 
g5 36.fxg5 Rf2 37.Nd4 Rg2 38.Ne2 Rf2 39.Nd4 Rg2 40.Re3 Ra2 41.Nb5 Rb2 42.
Kd4 Rb3 43.Nc3 Rb2 44.Re2 Rb3 45.Rh2 Nc8 46.Nb5 Rxg3 47.Rh8 Rg4+ 48.Kc5 
Nb6 49.Nxc7 1-0

[Event "8th Palma de Mallorca it"]
[Site "Palma de Mallorca ESP"]
[Date "1972.12.03"]
[Round "6"]
[White "Averbakh, Yury"]
[Black "Polugaevsky, Lev"]
[Result "1/2-1/2"]
[WhiteElo "2550"]
[BlackElo "2645"]
[EventDate "1972.11.27"]
[PlyCount "45"]

1.e4 c5 2.Nf3 Nc6 3.d4 cxd4 4.Nxd4 e6 5.Nb5 d6 6.c4 Nf6 7.N1c3 a6 8.Na3 
Be7 9.Be2 O-O 10.O-O b6 11.Be3 Bb7 12.Qb3 Nd7 13.Rfd1 Nc5 14.Qc2 Bf6 15.
Rab1 Nb4 16.Qd2 Bxc3 17.bxc3 Nxe4 18.Qb2 Nxa2 19.Bxb6 Qg5 20.Be3 Qa5 21.
Bb6 Qg5 22.Be3 Qa5 23.Bb6 1/2-1/2

[Event "8th Palma de Mallorca it"]
[Site "Palma de Mallorca ESP"]
[Date "1972.12.03"]
[Round "6"]
[White "Ljubojevic, Ljubomir"]
[Black "Robatsch, Karl"]
[Result "1/2-1/2"]
[WhiteElo "2550"]
[BlackElo "2460"]
[EventDate "1972.11.27"]
[PlyCount "36"]

1.b3 g6 2.Bb2 Nf6 3.Nf3 Bg7 4.c4 d6 5.e3 O-O 6.d4 c5 7.Nc3 cxd4 8.exd4 d5 
9.Be2 Nc6 10.h3 b6 11.O-O Bb7 12.Rc1 Rc8 13.Re1 e6 14.Bf1 Re8 15.Ne5 Ne7 
16.Ba3 a6 17.c5 b5 18.b4 Nd7 1/2-1/2

[Event "8th Palma de Mallorca it"]
[Site "Palma de Mallorca ESP"]
[Date "1972.12.03"]
[Round "6"]
[White "Medina Garcia, Antonio"]
[Black "Smejkal, Jan"]
[Result "0-1"]
[WhiteElo "2380"]
[BlackElo "2545"]
[EventDate "1972.11.27"]
[PlyCount "104"]

1.e4 c5 2.Nc3 Nc6 3.g3 g6 4.Bg2 Bg7 5.d3 d6 6.Nh3 h5 7.f3 e5 8.Nd5 f6 9.
Nf2 Nge7 10.c3 Nxd5 11.exd5 Ne7 12.Qb3 Nf5 13.Ne4 Qe7 14.f4 Bh6 15.fxe5 
fxe5 16.Bxh6 Rxh6 17.O-O-O Ne3 18.Rd2 Nxg2 19.Rxg2 Bh3 20.Qb5+ Kf8 21.Rf2+
Kg8 22.Rf6 Rd8 23.Qa4 a6 24.Qc2 Bf5 25.Rf1 Rf8 26.Qd2 Rh7 27.Qg5 Rg7 28.h3
Rxf6 29.Nxf6+ Kf7 30.Ne4 Qxg5+ 31.Nxg5+ Ke8 32.Kd2 b5 33.h4 Rc7 34.b3 a5 
35.a3 c4 36.bxc4 bxc4 37.Ne4 Ke7 38.Rb1 cxd3 39.Nf2 Rc5 40.Nd1 Rxd5 41.Ne3
Rc5 42.c4 Be4 43.Rb8 Ke6 44.Re8+ Kd7 45.Rf8 Rc8 46.Rxc8 Kxc8 47.Kc3 Kc7 
48.Nf1 Kc6 49.Nd2 Bf5 50.Nb3 a4 51.Nd2 Kc5 52.Nf1 e4 0-1

[Event "8th Palma de Mallorca it"]
[Site "Palma de Mallorca ESP"]
[Date "1972.12.05"]
[Round "7"]
[White "Andersson, Ulf"]
[Black "Ljubojevic, Ljubomir"]
[Result "1/2-1/2"]
[WhiteElo "2535"]
[BlackElo "2550"]
[EventDate "1972.11.27"]
[PlyCount "71"]

1.e4 c5 2.Nf3 d6 3.Bb5+ Nd7 4.d4 Nf6 5.Nc3 a6 6.Bxd7+ Nxd7 7.O-O e6 8.Bg5 
Qb6 9.Re1 cxd4 10.Nxd4 Ne5 11.Nb3 Bd7 12.a4 Be7 13.Bxe7 Kxe7 14.a5 Qa7 15.
Qd2 Rhd8 16.Rad1 Be8 17.Kh1 Kf8 18.f4 Nc4 19.Qc1 b6 20.axb6 Qxb6 21.Rd3 a5
22.Nd1 d5 23.exd5 Rxd5 24.Rxd5 exd5 25.Nd2 Bc6 26.b3 Nxd2 27.Qxd2 d4 28.
Nb2 f5 29.h3 Be4 30.Nc4 Qb4 31.Rd1 Qxd2 32.Rxd2 Ke7 33.Rxd4 Bxc2 34.Rd5 
Bxb3 35.Re5+ Kf6 36.Nxa5 1/2-1/2

[Event "8th Palma de Mallorca it"]
[Site "Palma de Mallorca ESP"]
[Date "1972.12.05"]
[Round "7"]
[White "Hug, Werner"]
[Black "Calvo Minguez, Ricardo"]
[Result "1/2-1/2"]
[WhiteElo "2475"]
[BlackElo "2330"]
[EventDate "1972.11.27"]
[PlyCount "172"]

1.c4 e5 2.Nc3 Nc6 3.g3 g6 4.Bg2 Bg7 5.d3 d6 6.e3 h5 7.h4 Nh6 8.Nge2 Bg4 9.
Qd2 O-O 10.b3 Qd7 11.Bb2 Rae8 12.O-O-O a5 13.Kb1 Nb4 14.Rhe1 c6 15.f3 Bh3 
16.Bxh3 Qxh3 17.e4 f5 18.a3 Na6 19.Qe3 f4 20.gxf4 Ng4 21.Qb6 Qxf3 22.Qxb7 
Nc5 23.Qxc6 Ne3 24.Qxd6 Nxd1 25.Rxd1 Nxb3 26.Qxg6 Nc5 27.f5 Rb8 28.Qg3 
Qxg3 29.Nxg3 Rfd8 30.Nd5 Na4 31.Rd2 Rb3 32.Ka2 Rdb8 33.Ba1 Bf8 34.Nb4 Bxb4
35.Kxb3 Nc5+ 36.Kc2 Bxd2 37.Bxe5 Re8 38.Bd4 Be1 39.Nxh5 Nd7 40.e5 Bxh4 41.
e6 Nf8 42.Bf6 Bf2 43.Ng7 Ra8 44.e7 Nd7 45.Bc3 Kf7 46.e8=Q+ Rxe8 47.Nxe8 
Kxe8 48.Bxa5 Ne5 49.Bc3 Nc6 50.Kb3 Kd7 51.Ka4 Bc5 52.f6 Nd4 53.f7 Ke7 54.
Bb4 Bxb4 55.Kxb4 Kxf7 56.Kc5 Nc2 57.a4 Ke7 58.a5 Kd7 59.Kb6 Kc8 60.c5 Nb4 
61.d4 Nd5+ 62.Kc6 Ne7+ 63.Kd6 Nf5+ 64.Ke5 Ne7 65.d5 Kd7 66.a6 Nc8 67.Kd4 
Na7 68.Kc4 Kc7 69.Kb4 Nc8 70.Ka5 Na7 71.Ka4 Nc8 72.Kb3 Na7 73.Kc3 Nc8 74.
Kd3 Kd7 75.Ke4 Na7 76.Kf5 Nc8 77.Kf6 Ne7 78.Ke5 Nc8 79.Ke4 Na7 80.Kf4 Nc8 
81.Ke5 Na7 82.Kf6 Nc8 83.Kf7 Na7 84.Kf8 Nb5 85.c6+ Kd6 86.Ke8 Nc7+ 1/2-1/2

[Event "8th Palma de Mallorca it"]
[Site "Palma de Mallorca ESP"]
[Date "1972.12.05"]
[Round "7"]
[White "Smejkal, Jan"]
[Black "Bellon Lopez, Juan Manuel"]
[Result "1/2-1/2"]
[WhiteElo "2545"]
[BlackElo "2385"]
[EventDate "1972.11.27"]
[PlyCount "80"]

1.e4 c5 2.Nf3 g6 3.c4 Bg7 4.d4 cxd4 5.Nxd4 Nc6 6.Be3 b6 7.Nc3 Bb7 8.Be2 
Nf6 9.O-O O-O 10.Rc1 Nxd4 11.Bxd4 Bh6 12.Rc2 Nxe4 13.Bf3 Nxc3 14.Rxc3 Bxf3
15.Qxf3 Rc8 16.Qh3 Bg7 17.Rd1 d6 18.b3 f5 19.Bxg7 Kxg7 20.Rcd3 Rf6 21.Qe3 
Rc5 22.f4 Qc7 23.Qe2 Kf7 24.Re3 e5 25.b4 Rxc4 26.fxe5 dxe5 27.Rxe5 Rc1 28.
Rd5 Re6 29.Rxf5+ gxf5 30.Qh5+ Rg6 31.Qxh7+ Kf8 32.Qh8+ Ke7 33.Qh7+ Kf6 34.
Qh8+ Kg5 35.h4+ Kg4 36.Qd4+ Kh5 37.Qh8+ Kg4 38.Qd4+ Kh5 39.Qh8+ Rh6 40.
Qe8+ Rg6 1/2-1/2

[Event "8th Palma de Mallorca it"]
[Site "Palma de Mallorca ESP"]
[Date "1972.12.06"]
[Round "8"]
[White "Bellon Lopez, Juan Manuel"]
[Black "Bilek, Istvan"]
[Result "0-1"]
[WhiteElo "2385"]
[BlackElo "2485"]
[EventDate "1972.11.27"]
[PlyCount "122"]

1.b3 e5 2.Bb2 d6 3.g3 f5 4.d4 e4 5.d5 Nf6 6.e3 Be7 7.Nh3 Nbd7 8.Ng5 Ne5 9.
Be2 O-O 10.h4 Nfg4 11.Nh3 Bf6 12.Nc3 c5 13.Nf4 Qe8 14.a4 a6 15.Qd2 b6 16.
Rd1 Rb8 17.Nb1 Rf7 18.Ba1 Re7 19.Na3 b5 20.b4 c4 21.a5 Bb7 22.Bxe5 Nxe5 
23.Nh5 Nd7 24.g4 fxg4 25.Bxg4 Kh8 26.Nxf6 Nxf6 27.Be6 Bc8 28.Bxc8 Rxc8 29.
Qd4 Nd7 30.Kd2 Ne5 31.Kc3 Nf3 32.Qb6 Rd7 33.Kb2 c3+ 34.Ka1 Ra8 35.Qc6 Qc8 
36.Qxc8+ Rxc8 37.Rh3 Rf7 38.Rg3 Nd2 39.Nb1 Rxf2 40.Nxd2 Rxd2 41.Rf1 Kg8 
42.Rg4 Rxc2 43.Rxe4 Rf8 44.Rxf8+ Kxf8 45.Re6 Rd2 46.Kb1 Rxd5 47.Kc2 Kf7 
48.Re4 Re5 49.Rd4 Ke6 50.Rg4 g6 51.e4 d5 52.exd5+ Kxd5 53.Kd3 Re1 54.Rg5+ 
Kd6 55.Rg4 Ke5 56.h5 Kf5 57.Rg2 gxh5 58.Rf2+ Kg6 59.Rg2+ Kh6 60.Rh2 Rg1 
61.Kxc3 Rg4 0-1

[Event "8th Palma de Mallorca it"]
[Site "Palma de Mallorca ESP"]
[Date "1972.12.06"]
[Round "8"]
[White "Calvo Minguez, Ricardo"]
[Black "Ivkov, Borislav"]
[Result "0-1"]
[WhiteElo "2330"]
[BlackElo "2520"]
[EventDate "1972.11.27"]
[PlyCount "96"]

1.e4 e5 2.Nf3 Nc6 3.Bb5 a6 4.Ba4 d6 5.O-O Bd7 6.c3 Nge7 7.d4 Ng6 8.Be3 Be7
9.Nbd2 h6 10.a3 Bg5 11.b4 Bxe3 12.fxe3 O-O 13.Bb3 Kh8 14.Qe1 Qe8 15.Nh4 
Nxh4 16.Qxh4 Ne7 17.Rf3 Be6 18.Bxe6 Ng6 19.Qh5 Qxe6 20.d5 Qe8 21.Raf1 f6 
22.Nb3 Ne7 23.Qxe8 Rfxe8 24.c4 Rec8 25.Rd1 b6 26.Rf2 Rab8 27.Rfd2 c5 28.
bxc5 bxc5 29.Na5 Rb6 30.Kf2 Kg8 31.Ke2 Kf7 32.Kd3 Rcb8 33.Kc3 Ke8 34.Rf1 
h5 35.g3 Kd7 36.h3 Rb1 37.Rdf2 Nc8 38.Rxb1 Rxb1 39.Rb2 Rxb2 40.Kxb2 Ne7 
41.g4 hxg4 42.hxg4 Ng8 43.Nc6 Nh6 44.a4 Nxg4 45.Nb8+ Kc7 46.Nxa6+ Kb7 47.
Nxc5+ dxc5 48.a5 Nh6 0-1

[Event "8th Palma de Mallorca it"]
[Site "Palma de Mallorca ESP"]
[Date "1972.12.06"]
[Round "8"]
[White "Ljubojevic, Ljubomir"]
[Black "Smejkal, Jan"]
[Result "0-1"]
[WhiteElo "2550"]
[BlackElo "2545"]
[EventDate "1972.11.27"]
[PlyCount "78"]

1.b3 Nf6 2.Bb2 g6 3.c4 Bg7 4.Nf3 O-O 5.e3 c5 6.Be2 Nc6 7.O-O d5 8.Na3 d4 
9.exd4 cxd4 10.d3 Nd7 11.Re1 Nc5 12.Bf1 Re8 13.Rb1 e5 14.Ba1 Nb4 15.Qd2 a5
16.Nc2 Bf5 17.Nxb4 axb4 18.Rbd1 Qa5 19.h3 Qxa2 20.Qxa2 Rxa2 21.Bxd4 Nxb3 
22.Bxe5 Bxe5 23.Rxe5 Rxe5 24.Nxe5 Nd4 25.Rb1 b3 26.c5 Be6 27.Nc4 Bxc4 28.
dxc4 Rd2 29.Kh2 b2 30.f3 Nb3 31.Kg3 Nxc5 32.Kf4 Na4 33.Ke3 Nc3 34.Kxd2 
Nxb1+ 35.Kc2 Nd2 36.Kxb2 Nxf1 37.Kc3 Kf8 38.Kd4 Ke7 39.Kc5 Kd7 0-1